Stigum`s money market (Registro nro. 3301)
[ vista simple ]
| 000 -LEADER | |
|---|---|
| fixed length control field | 01654 a2200253 4500 |
| 001 - CONTROL NUMBER | |
| control field | 40735 |
| 005 - DATE AND TIME OF LATEST TRANSACTION | |
| control field | 20260407155703.0 |
| 008 - FIXED-LENGTH DATA ELEMENTS--GENERAL INFORMATION | |
| fixed length control field | 260407a2007 arg spa d |
| 003 - CONTROL NUMBER IDENTIFIER | |
| control field | AR-UNSa-BCEJYS |
| 040 ## - CATALOGING SOURCE | |
| Original cataloging agency | AR-UNSa-BCEJYS |
| Language of cataloging | spa |
| Transcribing agency | AR-UNSa-BCEJYS |
| 080 ## - UNIVERSAL DECIMAL CLASSIFICATION NUMBER | |
| Universal Decimal Classification number | 336.74 |
| Common auxiliary subdivision | Moneda. Sistema monetario |
| 020 ## - INTERNATIONAL STANDARD BOOK NUMBER | |
| International Standard Book Number | 978-0-07-144845-1 |
| 041 ## - LANGUAGE CODE | |
| Language code of text/sound track or separate title | spa |
| 100 1# - MAIN ENTRY--PERSONAL NAME | |
| Personal name | Stigum, Marcia |
| 245 10 - TITLE STATEMENT | |
| Title | Stigum`s money market |
| 250 ## - EDITION STATEMENT | |
| Edition statement | 4a. ed |
| 264 #1 - PRODUCTION, PUBLICATION, DISTRIBUTION, MANUFACTURE, AND COPYRIGHT NOTICE | |
| Place of production, publication, distribution, manufacture | New York : |
| Name of producer, publisher, distributor, manufacturer | McGraw-Hill |
| Date of production, publication, distribution, manufacture, or copyright notice | 2007 |
| 300 ## - PHYSICAL DESCRIPTION | |
| Extent | xxvi, 1174 p. |
| Dimensions | 23 cm. |
| 505 ## - FORMATTED CONTENTS NOTE | |
| Formatted contents note | 1. Introduction - 2. Funds Flows, Banks, and Money Creation - 3.The Instruments in Brief - 4. Bond Valuation - 5 . Duration and Convexity - 6. The Banks: Domestic Operations - 7. The Banks: Eurodollar Operations - 8. The Treasury and the Federal Agencies - 9. Don’t Fight the Fed! The Powerful Role of the Federal Reserve - 10. The Market Makers: Dealers and Others - 11. The Investors: Running a Short-Term Portfolio - 12. The Federal Funds Market - 13. The Repo and Reverse Markets - 14. Treasury and Federal Agency Securities - 15. Financial Futures: Bills, Eurodollars, and Fed Funds - 16. Treasury Futures - 17. Financial Options - 18. Eurodollars: Cash Time Deposits and FRAs - 19. Interest-Rate Swaps - 20. Certificates of Deposit - 21. Bankers’ Acceptances - 22. The Commercial Paper Market - 23. <br/>Bank Sales of Loan Participations - 24. Medium-Term Notes - 25. Municipal Notes - 26. Money Market Funds |
| 590 ## - LOCAL NOTE (RLIN) | |
| Local note | niveau_biblio:m niveau_hierar:0 |
| 700 1# - ADDED ENTRY--PERSONAL NAME | |
| Personal name | Crescenzi, Anthony |
| 856 41 - ELECTRONIC LOCATION AND ACCESS | |
| Uniform Resource Identifier | <a href="https://biblioeco.unsa.edu.ar/pmb/images/libros/L126237.jpg">https://biblioeco.unsa.edu.ar/pmb/images/libros/L126237.jpg</a> |
| Link text | Imagen de portada |
| Electronic format type | image/jpeg |
| 942 ## - ADDED ENTRY ELEMENTS (KOHA) | |
| Koha item type | |
| Withdrawn status | Lost status | Damaged status | Not for loan | Home library | Current library | Shelving location | Date acquired | Total checkouts | Full call number | Barcode | Date last seen | Price effective from | Koha item type |
|---|---|---|---|---|---|---|---|---|---|---|---|---|---|
| Biblioteca Prof. Eusebio Cleto del Rey | Biblioteca Prof. Eusebio Cleto del Rey | 07/04/2026 | 336.74 S854 4ed. | L126237 | 07/04/2026 | 07/04/2026 | Libro |